00635nam a2200181 a 450000100100000000500170001000800410002704000250006810000360009324500430012926000360017230000280020849000230023660000420025983000300030195201050033199900170043600003380020240313182404.0110912s1892 gw a 000 0bger d aDO-SdBNPbspadBNPHU1 aRuge, Sophus,d1831-190395922010aChriftoph Columbus /cvon Sophus Ruge. aDresden :bL. Ehlermann,c1892. a164 p. :bil. ;c19 cm.1 aFührende geifter 0aCOLÓN, CRISTOBAL,d1436-1456919795 0aFührende geifter959221 001050718RVaPDbPDcCTd2011-09-12iLF1l0o p33800-10r2020-06-25w2020-06-25y1ZNo se presta c33291d33291